Twelve sermons on the prodigal son and other texts in Luke XV. (Record no. 7404)

000 -LEADER
fixed length control field 00660nam a2200193 a 4500
001 - CONTROL NUMBER
control field :::00005165$&:&@@
003 - CONTROL NUMBER IDENTIFIER
control field OkBaRHE
005 - DATE AND TIME OF LATEST TRANSACTION
control field 20000607103323.0
008 - FIXED-LENGTH DATA ELEMENTS--GENERAL INFORMATION
fixed length control field s1980 j 000 0 eng u
040 ## - CATALOGING SOURCE
Transcribing agency
100 1# - MAIN ENTRY--PERSONAL NAME
Personal name Spurgeon, Charles Haddon, 1834-1892.
245 10 - TITLE STATEMENT
Title Twelve sermons on the prodigal son and other texts in Luke XV.
260 ## - PUBLICATION, DISTRIBUTION, ETC. (IMPRINT)
Place of publication, distribution, etc Grand Rapids, MI., :
Name of publisher, distributor, etc Baker Book House
Date of publication, distribution, etc 1980
300 ## - PHYSICAL DESCRIPTION
Extent 133 p. ;
Dimensions 19 cm.
650 ## - SUBJECT ADDED ENTRY--TOPICAL TERM
Topical term or geographic name as entry element Bible New Testament Luke 15
General subdivision Sermons
650 ## - SUBJECT ADDED ENTRY--TOPICAL TERM
Topical term or geographic name as entry element Prodigal Son (Parable)
General subdivision Sermons
942 ## - ADDED ENTRY ELEMENTS (KOHA)
Source of classification or shelving scheme
Koha item type Books
Copies
Copy number Date acquired Koha item type Full call number Price effective from Source of classification or shelving scheme Barcode Not for loan Permanent Location Damaged status Date last seen Shelving location Withdrawn status Lost status
12010-04-14BooksBT 378 .P8S682010-04-14 5165 RHEMA Bible Training College 2010-04-14General Stacks